La obediencia debida en el ámbito penal y militar

Gespeichert in:
Bibliographische Detailangaben
1. Verfasser: Fierro, Guillermo J (VerfasserIn)
Format: Buch
Sprache:Spanisch
Veröffentlicht: Rosario s.n 1969
Schlagworte:
Tags: Tag hinzufügen
Keine Tags, Fügen Sie den ersten Tag hinzu!

MARC

LEADER 00000nam a2200000 a 4500
001 UCO4671
003 CL-VaPUC
008 000811e19690000ag |||||||||||||||||spa|d
082 0 4 |a 343.014  |b FIE  |2 21 
100 0 |a Fierro, Guillermo J  |e author  |9 449309 
245 1 3 |a La obediencia debida en el ámbito penal y militar 
300 |a 77 p 
942 |c BK 
945 |d 20000811 00:00:00  |a vberengu 
260 |a Rosario  |b s.n  |c 1969 
650 7 |a OBEDIENCIA DEBIDA  |2 CL-VaPUC  |9 256208 
650 0 |a Responsabilidad penal  |9 254899 
583 |a last modification  |c 20180108 04:41:34  |k Rodrigo Vera 
999 |c 290684  |d 290682 
952 |0 0  |1 0  |4 0  |6 343_014000000000000_FIE_1969  |7 0  |8 A  |9 340232  |a BIBDER  |b BIBDER  |d 2019-11-20  |i 3639150  |o 343.014 FIE 1969  |p 3639150  |r 2023-01-25  |w 2019-11-20  |y BK  |k DER